000 00295nam a22001337a 4500
008 260331b ||||| |||| 00| 0 eng d
020 _a9789951320610
041 _aShqip
080 _a616.895
100 _a25
101 _apsiko
245 _aSkizofrenia
_cSkender Munishi
942 _2udc
_cBK
999 _c60953
_d60953